Radical constructivism in action (Record no. 65196)
[ view plain ]
| 000 -LEADER | |
|---|---|
| fixed length control field | 01514nam a2200373Ia 4500 |
| 082 04 - DEWEY DECIMAL CLASSIFICATION NUMBER | |
| Classification number | 510/.71 |
| 245 00 - TITLE STATEMENT | |
| Title | Radical constructivism in action |
| 260 ## - PUBLICATION, DISTRIBUTION, ETC. (IMPRINT) | |
| Place of publication | New York : |
| Name of publisher | Falmer, |
| Year of publication | 2000. |
| 300 ## - PHYSICAL DESCRIPTION | |
| Number of Pages | xv, 327 p. : |
| Other physical details | ill. |
| 490 1# - SERIES STATEMENT | |
| Series statement | Studies in mathematics education series ; |
| 650 #0 - SUBJECT ADDED ENTRY--TOPICAL TERM | |
| Topical Term | Constructivism (Education) |
| Topical Term | Mathematics teachers |
| Topical Term | Mathematics |
| Topical Term | Science teachers |
| 700 1# - ADDED ENTRY--PERSONAL NAME | |
| Personal name | Steffe, Leslie P. |
| Personal name | Thompson, Patrick W., |
| 856 40 - ELECTRONIC LOCATION AND ACCESS | |
| Uniform Resource Identifier | http://site.ebrary.com/lib/rucke/Doc?id=10054179 |
No items available.
